000 01024cam a2200133 4500500
005 20260329023211.0
041 _afre
042 _adc
100 1 0 _aNavarro, Marion
_eauthor
245 0 0 _aLes inégalités de revenus
260 _bArmand Colin,
_c2016.
520 _aQuels sont les mécanismes responsables de l’évolution des inégalités ? De quels outils dispose la puissance publique pour les réduire ? Sur quels fondements économiques et politiques reposent des mouvements tels Occupy Wall Street ou Les Indignés ?Que l’on considère les inégalités de revenus entre individus ou le partage du revenu entre travail et capital, la question des inégalités est aujourd’hui au cœur des préoccupations. Évolution de l’instabilité des revenus, formation des hauts salaires, analyse des phénomènes de rente, cet ouvrage présente une synthèse inédite et complète du sujet.
856 4 1 _uhttps://shs.cairn.info/les-inegalites-de-revenus--9782200600273?lang=fr&redirect-ssocas=7080
999 _c1925450
_d1925450